[Event "AUTO-ADV-817"]
[Site "http://www.queenalice.com/game.php?id=362002"]
[Date "2008.2.27"]
[Round "1"]
[White "Melhordeupanema"]
[Black "furacao2000"]
[Result "0-1"]
[WhiteElo "1619"]
[BlackElo "1890"]

1. b3 g6 2. Bb2 Nf6 3. h4 Bg7 4. g4 O-O 5. e3 c5 6. g5 Nh5 7. Bxg7 Nxg7 8. Be2
d5 9. h5 e5 10. hxg6 fxg6 11. d4 cxd4 12. exd4 e4 13. Qd2 Nc6 14. Nc3 Nf5 15.
O-O-O Nfxd4 16. Rf1 Nxe2+ 17. Ngxe2 Rf5 18. Rh6 Ne5 19. Rfh1 Nf3 20. Qe3 Nxg5
21. Ng3 Rf3 22. Qd4 Qf6 23. Qxd5+ Be6 24. Qxb7 Rc8 25. Ngxe4 Qf4+ 26. Kb1 Rc7
27. Nf6+ Kf7 28. Rxh7+ Nxh7 29. Rxh7+ Kxf6 30. Rxc7 Kg5 31. Rc5+ Bf5 32. Qe7+
Kh5 33. Qh7+ Qh6 34. Qxa7 Rxf2 35. Rd5 Rf1+ 36. Nd1 Qh8 37. Qa6 Kg5 38. Qxf1 Qc8
39. Qg2+ Kf6 40. Rd6+ Ke7 41. Rc6 Qd7 42. Qg5+ Ke8 43. Qe3+ Kf7 0-1

[Event "AUTO-ADV-817"]
[Site "http://www.queenalice.com/game.php?id=362003"]
[Date "2008.2.27"]
[Round "1"]
[White "furacao2000"]
[Black "Melhordeupanema"]
[Result "0-1"]
[WhiteElo "1841"]
[BlackElo "1885"]

1. e4 g6 2. Nf3 e6 3. d4 Nf6 4. Bg5 Be7 5. Nc3 h6 6. Be3 Bb4 7. Qd3 Bxc3+ 8.
bxc3 b6 9. Ne5 Ba6 10. c4 d5 11. exd5 exd5 12. Qa3 dxc4 13. Qc3 Ne4 14. Qa3 b5
15. Nc6 Nxc6 16. Qxa6 Nxd4 17. Bxd4 Qxd4 18. Qxb5+ Kf8 19. Qb4+ c5 0-1

[Event "AUTO-ADV-817"]
[Site "http://www.queenalice.com/game.php?id=362018"]
[Date "2008.2.27"]
[Round "1"]
[White "rviana"]
[Black "furacao2000"]
[Result "0-1"]
[WhiteElo "1889"]
[BlackElo "1868"]

1. d4 Nf6 2. c4 e5 3. dxe5 Ng4 4. Nf3 Bc5 5. e3 Nc6 6. Be2 Ngxe5 7. O-O O-O 8.
Bd2 a5 9. Bc3 Re8 10. Nbd2 d6 11. Qc2 f6 12. Rad1 Be6 13. Ne4 Bb4 14. a3 Bxc3
15. Nxc3 Nxc4 16. Nd5 Bxd5 17. Rxd5 N4e5 18. Qb3 Kh8 19. Nxe5 fxe5 20. Rfd1 Ne7
21. Rb5 b6 22. Bf3 Rb8 23. Rc1 g6 24. g3 Rf8 25. Be4 Qd7 26. a4 Kg7 27. Qc3 c5
28. Rd1 Nc6 29. Kg2 Nb4 30. Qxe5+ dxe5 31. Rxd7+ Rf7 32. Rd6 Rf6 33. Rxf6 Kxf6
34. Kf3 Ke6 35. Kg4 Nd5 36. Bxd5+ Kxd5 37. Kg5 Rb7 38. Kf6 e4 39. h4 Kc4 40. Ke5
Re7+ 41. Kf6 Rb7 42. Ke6 Kd3 43. Kd6 Rf7 44. Rxb6 c4 45. Rb5 Rxf2 46. Kd5 Rc2
47. Rxa5 Rxb2 48. Rb5 Rxb5+ 49. axb5 c3 50. b6 c2 51. b7 c1=Q 52. b8=Q Qc4+ 53.
Ke5 Kxe3 54. Qb7 Qc5+ 55. Kf6 Qf5+ 56. Kg7 h5 57. Qb6+ Kf3 58. Qg1 e3 59. Qe1 e2
60. Kh6 Qd3 0-1

[Event "AUTO-ADV-817"]
[Site "http://www.queenalice.com/game.php?id=362019"]
[Date "2008.2.27"]
[Round "1"]
[White "furacao2000"]
[Black "rviana"]
[Result "1/2-1/2"]
[WhiteElo "1885"]
[BlackElo "1877"]

1. e4 e6 2. d4 Nf6 3. e5 Nd5 4. c4 Nb6 5. Nf3 d5 6. c5 N6d7 7. Qc2 Be7 8. Bd3 h6
9. Nbd2 O-O 10. h4 f6 11. Nf1 f5 12. Bd2 c6 13. Ng3 b6 14. b4 a5 15. bxa5 bxc5
16. dxc5 Nxc5 17. Be2 Ne4 18. Nxe4 fxe4 19. Nd4 c5 20. Nb3 Na6 21. Rc1 c4 22.
Nd4 Nb4 23. Qb1 Nd3+ 24. Bxd3 exd3 25. Nc6 Qc7 26. Nxe7+ Qxe7 27. Bb4 Qc7 28.
Bxf8 Kxf8 29. Qxd3 Qxa5+ 30. Qd2 Qxa2 31. Qxa2 Rxa2 32. Rh3 Bd7 33. Rhc3 Ba4 34.
Rb1 Bc2 35. Rb8+ Kf7 36. g3 Bf5 37. Rf3 Kg6 38. Rc8 Ra1+ 39. Kd2 Ra2+ 40. Ke3
Ra3+ 41. Kf4 Rxf3+ 42. Kxf3 Bd3 43. Ke3 Kf5 44. f4 Kg4 45. Kf2 d4 46. Rc7 g6 47.
Rc6 c3 48. Rxe6 Bf5 49. Rc6 c2 50. e6 d3 51. e7 d2 52. e8=Q d1=Q 53. Qe2+ Kh3
54. Qf1+ Qxf1+ 55. Kxf1 Kxg3 56. h5 gxh5 57. Ke1 Kxf4 58. Kd2 h4 59. Rxh6 Kg3
60. Rf6 Kg4 61. Ra6 h3 62. Ra1 h2 63. Ke2 Be4 64. Kd2 Kg3 65. Re1 Bh7 66. Ke3
Kg2 67. Re2+ Kg1 68. Re1+ Kg2 69. Re2+ Kg1 70. Re1+ Kg2 1/2-1/2

[Event "AUTO-ADV-817"]
[Site "http://www.queenalice.com/game.php?id=362028"]
[Date "2008.2.27"]
[Round "1"]
[White "PudVein"]
[Black "furacao2000"]
[Result "0-1"]
[WhiteElo "1883"]
[BlackElo "1827"]

1. c4 e5 2. g3 Nf6 3. Bg2 c6 4. d4 e4 5. Nc3 d5 6. cxd5 cxd5 7. e3 Be7 8. Nge2
Na6 9. O-O Nb4 10. Bd2 Nd3 11. Qb1 Bf5 12. Nc1 Nb4 13. a3 Na6 14. b4 Rc8 15. Nb3
b6 16. Qb2 Nc7 17. Rac1 a6 18. f3 exf3 19. Rxf3 Qd7 20. Rcf1 Bd3 21. R1f2 Ng4
22. Rxf7 Nxf2 23. Rxf2 Bf6 24. Nc1 Bc4 25. N1e2 O-O 26. Nf4 g5 27. Nh5 Bh8 28.
Be1 Qg4 29. Bxd5+ Nxd5 0-1

[Event "AUTO-ADV-817"]
[Site "http://www.queenalice.com/game.php?id=362029"]
[Date "2008.2.27"]
[Round "1"]
[White "furacao2000"]
[Black "PudVein"]
[Result "1-0"]
[WhiteElo "1845"]
[BlackElo "1768"]

1. e4 c5 2. c3 g6 3. Nf3 d5 4. exd5 Qxd5 5. Na3 Bg7 6. Nb5 Qc6 7. d4 cxd4 8.
Nfxd4 Bxd4 9. Qxd4 Nf6 10. Nxa7 Qe6+ 11. Be3 O-O 12. Bc4 Qd7 13. Nxc8 Rxc8 14.
Qh4 Qf5 15. O-O Nc6 16. Bd3 Qh5 17. Qxh5 Nxh5 18. Be4 f5 19. Bd5+ Kf8 20. Bh6+
Ke8 21. Rfe1 Nf6 22. Bf3 Kf7 23. Re3 Re8 24. a3 Ng4 25. Bxg4 fxg4 26. Rae1 Rad8
27. Re4 Rd2 28. R4e2 Rxe2 29. Rxe2 Kf6 30. Bc1 e5 31. Kf1 h5 32. Re4 Re7 33. Rc4
Kf5 34. Ke2 e4 35. Be3 Na5 36. Rb4 Nc6 37. Rb5+ Ke6 38. b4 Rd7 39. Rb6 Kd5 40.
a4 Kc4 41. b5 Ne5 42. Bd4 Rxd4 43. cxd4 Kxd4 44. Rxb7 Kc4 45. a5 Kc5 46. a6 Nc4
47. a7 Nb6 48. Rxb6 1-0

[Event "Sagatiba"]
[Site "http://www.queenalice.com/game.php?id=382473"]
[Date "2008.4.5"]
[Round "-"]
[White "furacao2000"]
[Black "Tobe10"]
[Result "1-0"]
[WhiteElo "1866"]
[BlackElo "1290"]

1. e4 e5 2. Nf3 h5 3. Bc4 Nc6 4. d4 d6 5. c3 f6 6. Nh4 g5 7. Ng6 Rh7 8. Bxg8 Rg7
9. Qxh5 Rxg8 10. Nxe5+ Ke7 11. Qf7# 1-0

[Event "ttiçuname, minerio!"]
[Site "http://www.queenalice.com/game.php?id=390643"]
[Date "2008.4.20"]
[Round "-"]
[White "Kleber_Willian"]
[Black "furacao2000"]
[Result "0-1"]
[WhiteElo "1599"]
[BlackElo "1885"]

1. e4 c5 2. Nf3 Nc6 3. d4 cxd4 4. Nxd4 Nf6 5. f3 e5 6. Nf5 d5 7. Bd3 dxe4 8.
fxe4 a6 9. Bg5 Nb4 10. Bc4 Qa5 11. Bd2 Nxe4 12. c3 Bxf5 0-1

[Event "XBI-C20"]
[Site "http://www.queenalice.com/game.php?id=410762"]
[Date "2008.5.31"]
[Round "3"]
[White "Richardlim"]
[Black "furacao2000"]
[Result "0-1"]
[WhiteElo "1570"]
[BlackElo "1895"]

1. e4 c5 2. c4 g6 3. Nc3 Bg7 4. Qc2 Nf6 5. Na4 d6 6. d3 Nc6 7. Nc3 Nd4 8. Qa4+
Bd7 9. Qd1 Bg4 10. Be2 Qd7 11. Nf3 Nxe2 12. Nxe2 Bxf3 13. gxf3 Nh5 14. Nc3 Qh3
0-1

[Event "Challenge"]
[Site "http://www.queenalice.com/game.php?id=414813"]
[Date "2008.6.8"]
[Round "-"]
[White "Diego_Martinez"]
[Black "furacao2000"]
[Result "0-1"]
[WhiteElo "1329"]
[BlackElo "1868"]

1. a4 e5 2. e4 Bb4 3. c3 Ba5 4. Nf3 d6 5. b4 Bb6 6. c4 a5 7. b5 Bg4 8. h3 Bh5 9.
g4 Bg6 10. h4 Bxe4 11. d3 Bxf3 12. Qxf3 c6 13. Bg5 Qd7 14. bxc6 bxc6 15. d4 Bxd4
16. Ra2 Na6 17. Re2 Rb8 18. Qf5 Qxf5 19. gxf5 Rxb1+ 20. Kd2 Nc5 21. Kc2 Rb2+ 22.
Kc1 Nxa4 23. Bg2 Kd7 24. Rd2 Rxd2 25. Kxd2 Bxf2 26. Rf1 Bd4 27. Rb1 Nb6 28. Rc1
Ne7 29. Rb1 Nxc4+ 30. Kd1 Nb2+ 31. Kc2 Na4 32. Rb7+ Kc8 33. Rxe7 f6 34. Bd2 g6
35. Bxa5 gxf5 36. Rc7+ Kb8 37. Bxc6 Nc5 38. h5 f4 39. Bb6 f5 40. Ra7 Nb7 41.
Rxb7+ Kc8 42. Bd7+ Kxb7 43. Ba5 f3 44. Bxf5 d5 45. Be6 Kc6 46. Bg4 e4 47. Bc3
Kc5 48. Be1 Rg8 49. Bf5 Rg2+ 50. Kd1 h6 51. Bd2 e3 52. Bc1 Kc4 53. Bh3 Rg3 54.
Bf1+ e2+ 55. Ke1 Rg1 56. Bxh6 Kd3 57. Bg7 Rxf1# 0-1

[Event "AUTO-ADV-817"]
[Site "http://www.queenalice.com/game.php?id=434144"]
[Date "2008.7.16"]
[Round "2"]
[White "furacao2000"]
[Black "yanpom"]
[Result "0-1"]
[WhiteElo "1898"]
[BlackElo "1900"]

1. e4 e5 2. Nf3 Nc6 3. Bb5 a6 4. Ba4 b5 5. Bb3 d6 6. c3 Nf6 7. Ng5 d5 8. exd5
Nxd5 9. Qf3 Qxg5 10. Bxd5 Bg4 11. Qxf7+ Kd8 12. Bxc6 Be7 13. Qd5+ Bd6 14. Bxa8
Rf8 15. Na3 Qf4 16. O-O e4 17. d3 Qxh2# 0-1

[Event "AUTO-ADV-817"]
[Site "http://www.queenalice.com/game.php?id=434145"]
[Date "2008.7.16"]
[Round "2"]
[White "yanpom"]
[Black "furacao2000"]
[Result "1-0"]
[WhiteElo "1922"]
[BlackElo "1882"]

1. e4 c5 2. Nf3 Nc6 3. d4 cxd4 4. Nxd4 Nf6 5. Nc3 e5 6. Nxc6 bxc6 7. Bg5 Bc5 8.
Bd3 d5 9. exd5 cxd5 10. O-O Bb7 11. Bb5+ Kf8 12. Bxf6 gxf6 13. Qh5 d4 14. Qh6+
Ke7 15. Rad1 Qg8 16. g3 dxc3 17. Rd7+ Ke6 18. Rxb7 Qg6 19. Bd7+ 1-0

[Event "AUTO-ADV-817"]
[Site "http://www.queenalice.com/game.php?id=434146"]
[Date "2008.7.16"]
[Round "2"]
[White "furacao2000"]
[Black "pepebacardi"]
[Result "1-0"]
[WhiteElo "1855"]
[BlackElo "1909"]

1. e4 c5 2. c3 d5 3. exd5 Qxd5 4. d4 Nf6 5. Na3 a6 6. h3 e6 7. Nc4 Nbd7 8. a4
Be7 9. Nf3 O-O 10. Be3 Ne4 11. dxc5 Qxd1+ 12. Rxd1 Nexc5 13. a5 Nb3 14. Nb6 Nxb6
15. Bxb6 Nc5 16. Ne5 f6 17. Nc4 Nd7 18. Be2 Nxb6 19. Nxb6 Rb8 20. O-O Rd8 21.
Rxd8+ Bxd8 22. Rd1 Bxb6 23. axb6 Kf7 24. Rd8 Ke7 25. Rh8 h6 26. b3 a5 27. Bb5
Kf7 28. Bd7 Bxd7 29. Rxb8 1-0

[Event "AUTO-ADV-817"]
[Site "http://www.queenalice.com/game.php?id=434147"]
[Date "2008.7.16"]
[Round "2"]
[White "pepebacardi"]
[Black "furacao2000"]
[Result "1/2-1/2"]
[WhiteElo "1946"]
[BlackElo "1849"]

1. e4 c5 2. Nf3 Nc6 3. d4 cxd4 4. Nxd4 Nf6 5. Nc3 e5 6. Ndb5 d6 7. Bg5 a6 8. Na3
b5 9. Bxf6 gxf6 10. Nd5 Bg7 11. Bd3 O-O 12. O-O Be6 13. c4 Nd4 14. Nc2 bxc4 15.
Bxc4 Nxc2 16. Qxc2 Rc8 17. b3 f5 18. f3 fxe4 19. Qxe4 f5 20. Qd3 e4 21. fxe4
Bxa1 22. Rxa1 fxe4 23. Qg3+ Kh8 24. Qc3+ Kg8 25. Qg3+ Kh8 26. Qc3+ Kg8 27. Qg3+
1/2-1/2

[Event "Challenge"]
[Site "http://www.queenalice.com/game.php?id=435847"]
[Date "2008.7.19"]
[Round "-"]
[White "Alexandrovinsk"]
[Black "furacao2000"]
[Result "1-0"]
[WhiteElo "1973"]
[BlackElo "1870"]

1. e4 c5 2. Nf3 Nc6 3. d4 cxd4 4. Nxd4 Nf6 5. Nc3 e5 6. Ndb5 d6 7. Bg5 a6 8. Na3
b5 9. Bxf6 Qxf6 10. Nd5 Qd8 11. c4 bxc4 12. Nxc4 Nd4 13. Ncb6 Rb8 14. Nxc8 Rxc8
15. Qa4+ Nb5 16. Qxb5+ axb5 17. Bxb5+ Qd7 18. Bxd7+ Kxd7 19. Nb6+ Kd8 20. Nxc8
Kxc8 21. Ke2 g6 22. a4 Be7 23. Rhb1 Kb7 24. b4 Ra8 25. a5 Bd8 26. Kd3 Ra6 27.
Ra2 f5 28. f3 Bc7 29. Kc4 Bb8 30. b5 Ra8 31. Kd5 Kc8 32. Kc6 1-0

[Event "Içara Versus Araranguá"]
[Site "http://www.queenalice.com/game.php?id=441755"]
[Date "2008.7.31"]
[Round "-"]
[White "furacao2000"]
[Black "Alexandrovinsk"]
[Result "0-1"]
[WhiteElo "1858"]
[BlackElo "2044"]

1. e4 c5 2. c3 e6 3. Bb5 a6 4. Ba4 Qc7 5. Nf3 b5 6. Bc2 Nc6 7. O-O Nf6 8. a3 Be7
9. d4 cxd4 10. cxd4 d6 11. Re1 O-O 12. Nbd2 Bb7 13. Nf1 g6 14. Bh6 Rfd8 15. d5
Na5 16. Rc1 e5 17. Bd3 Qd7 18. b4 Nc4 19. Bxc4 bxc4 20. Rxc4 a5 21. Bd2 a4 22.
Qb1 Ba6 23. Rc6 Bb5 24. Rc3 Rdc8 25. Rec1 Rxc3 26. Rxc3 Rc8 27. Qc2 Rxc3 28.
Bxc3 Qc7 29. Ng3 h5 30. h4 Bd8 31. Qd2 Qc4 32. Ng5 Bb6 33. Bb2 Ng4 34. Nh3 Qb3
35. Ne2 Qc4 36. Kf1 Qxe4 37. f3 Bxe2+ 38. Qxe2 Qb1+ 39. Qe1 Ne3+ 0-1

[Event "Challenge"]
[Site "http://www.queenalice.com/game.php?id=446168"]
[Date "2008.8.9"]
[Round "-"]
[White "furacao2000"]
[Black "bryant_kiri"]
[Result "1-0"]
[WhiteElo "1873"]
[BlackElo "1891"]

1. e4 e6 2. d4 d5 3. Nc3 Bb4 4. e5 c5 5. a3 Ba5 6. Nf3 Nc6 7. Bd2 cxd4 8. Nb5
Bxd2+ 9. Qxd2 Qb6 10. Nd6+ Ke7 11. b4 Nh6 12. b5 Nxe5 13. Nxc8+ Raxc8 14. Nxe5
Rc3 15. Qg5+ Kd6 16. Qxg7 Rxc2 17. Be2 Qa5+ 18. Kf1 Qd2 19. Re1 Rc1 20. Nf3
Rxe1+ 21. Nxe1 Rc8 22. Qg3+ Kd7 23. Qd3 Qf4 24. g3 Qf6 25. Kg2 Rc3 26. Qxh7 Rxa3
27. Nd3 Ra2 28. Nc1 Rd2 29. Rd1 Rc2 30. Qxc2 e5 31. Nd3 e4 32. Nc5+ Kd6 33.
Nxb7+ Ke7 34. Qc7+ Kf8 35. Qc5+ Kg7 36. Qxd4 1-0

[Event "Jogo entre Amigos"]
[Site "http://www.queenalice.com/game.php?id=470081"]
[Date "2008.9.29"]
[Round "-"]
[White "mvson33"]
[Black "furacao2000"]
[Result "0-1"]
[WhiteElo "1833"]
[BlackElo "1890"]

1. e4 c5 2. Nf3 Nc6 3. c4 d6 4. Nc3 g6 5. d4 cxd4 6. Nxd4 Bg7 7. Be3 Nf6 8. Be2
Nd7 9. O-O O-O 10. Qd2 a6 11. Nxc6 bxc6 12. Bh6 Rb8 13. Rab1 Ne5 14. Bxg7 Kxg7
15. Rfd1 a5 16. c5 Rb7 17. cxd6 Rd7 18. dxe7 Rxd2 19. exf8=Q+ Kxf8 0-1

[Event "XBI-C20"]
[Site "http://www.queenalice.com/game.php?id=501572"]
[Date "2008.12.2"]
[Round "4"]
[White "furacao2000"]
[Black "Petruzza"]
[Result "1-0"]
[WhiteElo "1904"]
[BlackElo "1697"]

1. e4 e5 2. Nf3 d6 3. d4 exd4 4. Nxd4 c5 5. Bb5+ Bd7 6. Bxd7+ Nxd7 7. Nf5 g6 8.
Nxd6+ Bxd6 9. Qxd6 Rc8 10. O-O Rc6 11. Qd5 Ngf6 12. Qd3 h6 13. Rd1 c4 14. Qd4
Rh7 15. Na3 a6 16. Nxc4 Qe7 17. Bf4 Nxe4 18. f3 b5 19. Nd6+ Kf8 20. Nxe4 f5 21.
Bd6 Rxd6 22. Nxd6 Qe5 23. Qa7 Nf6 24. Qb8+ Kg7 25. Re1 Qd4+ 26. Kh1 h5 27. Re7+
Kh6 28. Qf8+ Kg5 29. Rxh7 Nxh7 30. Nf7+ Kf4 31. Qh6+ g5 32. Rf1 Qc4 33. g3+ Ke3
34. Kg1 Qxf7 35. Qb6+ Kd2 36. Qf2# 1-0